00685 2200241 4500001002100000005001700021008004100038020002200079035002500101040001200126082001300138084002300151090002300174100001100197245008800208250001100296260002700307300003700334500002700371650001300398700002000411850001200431INLIS00000000000221720150223093130.0  a978-979-29-4283-5 a0010-021500000000481 aYOPDYOG a004.6782 aDEP 004.6782 Tut S aDEP 004.6782 Tut S aTUTANG aSistem operasi cloud computing dengan windows azurec/ Tutang ; editor, Seno Wibowo aCet. 1 aYogyakartabAndic2014 avii, 123 hlm.b: ilus.c; 21 cm. aBibliografi : hlm. 123 aInternet aII. Seno Wibowo aYOPDYOG